=LDR 00000nam 2200000 4500 =001 NUTBA000000000006141 =005 20141124072051.0 =006 =007 =008 =020 ##$$a 978-602-8490-50-4 =035 ##$$a 0010-111400000000620 =040 ##$$a NBPDMAT =082 ##$$a 579.3 =090 ##$$a 579.3 $b Yen m =100 ##$$a Yenny Pahmawaty =245 ##$$a Mengenal bakteri / $c Yenny Pahmawati =250 ##$$a Cet.1 =260 ##$$a Jakarta : $b Adfale Prima Cipta, $c 2011 =300 ##$$a iv, 64 hlm. : $b ilus. ; 25 cm. =500 ##$$a Bibliografi : hlm. 64 =650 ##$$a Bakteri =850 ##$$a NBPDMAT